Metafizik istihbarat: (Record no. 14743)

MARC details
000 -BAŞLIK
Sabit Uzunlukta Kontrol Alanı 00772nam a22002537a 4500
999 ## - SİSTEM KONTROL NUMARALARI (KOHA)
Koha Biblionumber 14743
Koha Biblioitemnumber 14743
003 - KONTROL NUMARASI IDENTIFIER
Denetim Alanı MIRAKIL
005 - SON İŞLEM TARİHİ VE ZAMANI
Denetim Alanı 20220113141235.0
008 - SABİT-BOY VERİ ELEMANLARI - GENEL BİLGİLER
Sabit Uzunlukta Kontrol Alanı 220113b tu ||||| |||| 00| 0 tur d
020 ## - ULUSLARARASI STANDART KİTAP NUMARASI
Uluslararası Standart Kitap Numarası 9786055492328
040 ## - KATALOGLAMA KAYNAK
Orijinal Kataloglama Ajansı TR-AnCHP
Metne Dönüştürmek Ajansı TR-AnCHP
041 ## - DİL KODU
Metin / Ses Parça Veya Ayrı Başlığın Dil Kodu tur
082 ## - DEWEY ONLU SINIFLANDIRMA NUMARASI
Sınıflandırma Numarası 133
Ürün Numarası Ç31m 2011
100 ## - ANA GİRİŞ - KİŞİSEL İSİM
Kişisel Ad Çebi, Hakan Yılmaz
245 10 - BAŞLIK TABLOSU
Başlık Metafizik istihbarat:
Başlığın Kalan cinler-şeytanlar-ruhlar-medyumlar /
Sorumluluk Tablosu, Vb Hakan Yılmaz Çebi
246 ## - UNVAN FORM VARYING
Başlık Doğru / Kısa Başlığı cinler-şeytanlar-ruhlar-medyumlar
260 ## - YAYIN, DAĞITIM, VB
Yayın, Dağıtım, Vb Yeri İstanbul :
Yayıncı, Dağıtıcı, Vs Adı Onikinci Kitap,
Yayın, Dağıtım, Vb Tarihi 2011.
300 ## - FİZİKSEL TANIM
Kapsam 432 s.:
Boyutlar 21 sm.
490 0# - SERİSİ TABLOSU
Seri Beyanı Onikinci Kitap ;
Hacim / Ardışık Tanımı yayın no: 1
504 ## - KAYNAKÇA VB NOT
Kaynakça Vb Notu Kaynakça vardır.
650 #0 - KONU KATMA GİRİŞ - TOPİKAL DÖNEM
9 (RLIN) 6939
Topikal Süreli Veya Coğrafi Ad Giriş Elemanı Parapsikoloji
650 #0 - KONU KATMA GİRİŞ - TOPİKAL DÖNEM
9 (RLIN) 6940
Topikal Süreli Veya Coğrafi Ad Giriş Elemanı Metafizik
740 ## - KATMA GİRİŞ - KONTROLSUZ İLGİLİ / ANALİTİK BAŞLIK
Kontrol Edilmeyen / İlgili Analitik Başlıktaki cinler-şeytanlar-ruhlar-medyumlar
942 ## - EKLENDİ GİRİŞ ELEMANLARI (KOHA)
Sınıflandırma Veya Raf Düzeni Kaynak Dewey Decimal Classification
Koha Öğesi Türü Books
Holdings
Kalıcı Konum Mevcut Konum Edinme Tarihi Toplam Check-Out'Lar Tam Çağrı Numarası Barkod Tarih Son Görülme İtibaren Geçerli Fiyatlar Koha Öğesi Türü
CHP Kütüphanesi CHP Kütüphanesi 01/13/2022   133 Ç31m 2011 020237 01/13/2022 01/13/2022 Books